[Event "14. Sparkassen Open 2015 - Gruppe A"]
[Site "Forchheim"]
[Date "2015.10.02"]
[Round "1.1"]
[White "Reis, Gerhard"]
[Black "Seyb, Alexander"]
[Result "0-1"]
[WhiteElo "2197"]
[BlackElo "2428"]
[PlyCount "86"]
[EventDate "2015.??.??"]
[WhiteTeam "SW Nürnberg Süd"]
[BlackTeam "SC Forchheim"]

1. Nf3 Nf6 2. c4 c6 3. d4 d5 4. e3 a6 5. b3 Bf5 6. Bd3 Bg6 7. O-O Nbd7 8. Bb2
e6 9. Qe2 Be7 10. Nbd2 Ne4 11. Rac1 O-O 12. Rfd1 Qa5 13. a3 Nxd2 14. Nxd2 Nf6
15. Nb1 dxc4 16. bxc4 b5 17. e4 bxc4 18. Rxc4 c5 19. dxc5 Bxc5 20. Qc2 Be7 21.
Bc3 Qb6 22. Bd4 Qa5 23. Nd2 Rfd8 24. Nb3 Qh5 25. Be2 Qb5 26. a4 Qe8 27. f3 Nd7
28. Na5 Nb8 29. Rb1 Qf8 30. Bb6 Re8 31. Rd1 f5 32. exf5 Bxf5 33. Bd3 Nd7 34.
Bxf5 Nxb6 35. Bxh7+ Kh8 36. Rc6 Nd5 37. Re1 Bf6 38. Rcxe6 Rxe6 39. Rxe6 Rc8 40.
Rc6 Bd4+ 41. Kh1 Re8 42. Be4 Qb4 43. Qd1 Ne3 0-1

[Event "14. Sparkassen Open 2015 - Gruppe A"]
[Site "Forchheim"]
[Date "2015.10.02"]
[Round "1.2"]
[White "Hilverda, Alexander"]
[Black "Schulz, Lukas"]
[Result "1/2-1/2"]
[WhiteElo "2384"]
[BlackElo "2167"]
[PlyCount "63"]
[EventDate "2015.??.??"]
[WhiteTeam "SC Erlangen"]
[BlackTeam "SC Höchstadt/Aisch"]

1. d4 Nf6 2. c4 e5 3. dxe5 Ng4 4. Bf4 Nc6 5. Nf3 Bb4+ 6. Nc3 Bxc3+ 7. bxc3 Qe7
8. Qd5 f6 9. exf6 Nxf6 10. Qd3 d6 11. g3 Ne5 12. Nxe5 dxe5 13. Bg5 Be6 14. Bg2
c6 15. O-O O-O 16. Rab1 Rfd8 17. Bxf6 gxf6 18. Qe4 Rd2 19. f4 exf4 20. Rxb7
Qxb7 21. Qxe6+ Kg7 22. Bxc6 Qb6+ 23. Kh1 Rf8 24. Rxf4 h5 25. Rf5 Qb1+ 26. Kg2
Rxe2+ 27. Qxe2 Qxf5 28. Bd5 Rb8 29. h4 Qe5 30. Qf2 Rb6 31. Qb2 Rd6 32. Kh3
1/2-1/2

[Event "14. Sparkassen Open 2015 - Gruppe A"]
[Site "Forchheim"]
[Date "2015.10.02"]
[Round "1.3"]
[White "Köhler, Gerhard"]
[Black "Heidrich, Manfred"]
[Result "1/2-1/2"]
[WhiteElo "2178"]
[BlackElo "2348"]
[PlyCount "65"]
[EventDate "2015.??.??"]
[WhiteTeam "USV VB Halle"]
[BlackTeam "SC Forchheim"]

1. c4 f5 2. g3 Nf6 3. Bg2 g6 4. Nc3 Bg7 5. d4 O-O 6. Nh3 d6 7. d5 Na6 8. Nf4 e5
9. dxe6 c6 10. O-O Nc5 11. Qc2 Nxe6 12. Rd1 Qe7 13. Rb1 Rd8 14. b3 Nc5 15. Bb2
g5 16. Nd3 Nce4 17. e3 Be6 18. Ne2 Bf7 19. Rbc1 Bg6 20. Nd4 Nd7 21. Re1 a5 22.
Ba1 Rf8 23. Rcd1 Rad8 24. f3 Nec5 25. Nf2 Ne5 26. Qd2 Ra8 27. Bc3 a4 28. f4 Nf7
29. b4 Ne6 30. Nc2 d5 31. Bxg7 Kxg7 32. a3 Qf6 33. Nd4 1/2-1/2

[Event "14. Sparkassen Open 2015 - Gruppe A"]
[Site "Forchheim"]
[Date "2015.10.02"]
[Round "1.5"]
[White "Eiber, Manfred"]
[Black "Golda, Harald"]
[Result "1-0"]
[WhiteElo "2154"]
[BlackElo "2346"]
[PlyCount "55"]
[EventDate "2015.??.??"]
[WhiteTeam "SW Nürnberg Süd"]
[BlackTeam "SK Schweinfurt"]

1. d4 Nf6 2. Bg5 Ne4 3. Bf4 c5 4. d5 Qb6 5. Nd2 Nxd2 6. Bxd2 e6 7. e4 exd5 8.
exd5 Be7 9. Bc3 O-O 10. Qf3 Bf6 11. Bxf6 Re8+ 12. Ne2 Qxf6 13. Qxf6 gxf6 14.
O-O-O d6 15. Ng3 f5 16. f4 Kg7 17. Bd3 Kg6 18. Rhe1 Rxe1 19. Rxe1 Bd7 20. c4 a6
21. Re7 Kf6 22. Re3 Kg6 23. Be2 b5 24. Nh5 f6 25. Re7 bxc4 26. Rg7+ Kh6 27. Rg8
Bb5 28. Rf8 1-0

[Event "14. Sparkassen Open 2015 - Gruppe A"]
[Site "Forchheim"]
[Date "2015.10.02"]
[Round "1.6"]
[White "Miller, Eduard"]
[Black "Seidens, Udo"]
[Result "0-1"]
[WhiteElo "2245"]
[BlackElo "2233"]
[PlyCount "67"]
[EventDate "2015.??.??"]
[WhiteTeam "SC Erlangen"]
[BlackTeam "SK Schweinfurt"]

1. d4 Nf6 2. c4 e6 3. Nc3 Bb4 4. f3 d5 5. a3 Bxc3+ 6. bxc3 c5 7. cxd5 exd5 8.
e3 O-O 9. Bd3 Nc6 10. Ne2 c4 11. Bc2 Nh5 12. O-O f5 13. Qe1 Na5 14. Rb1 Bd7 15.
Ng3 Qh4 16. Nxh5 Qxh5 17. Qg3 Bc6 18. Re1 Rae8 19. a4 Rf6 20. Ba3 Qh6 21. Qc7
Nb3 22. Bxb3 cxb3 23. Rxb3 Rfe6 24. Bc1 R6e7 25. Qa5 f4 26. Qxa7 fxe3 27. Qc5
Qh4 28. Re2 Qg5 29. a5 Ba4 30. Rb6 Bd1 31. Re1 Bxf3 32. Rb2 Qh4 33. Rxe3 Qh3
34. Qd6 0-1

[Event "14. Sparkassen Open 2015 - Gruppe A"]
[Site "Forchheim"]
[Date "2015.10.02"]
[Round "1.7"]
[White "Bachstein, Dustin"]
[Black "Thinius, Marco"]
[Result "1/2-1/2"]
[WhiteElo "2083"]
[BlackElo "2320"]
[PlyCount "109"]
[EventDate "2015.??.??"]
[WhiteTeam "SC Erlangen"]
[BlackTeam "SV Empor Berlin"]

1. d4 Nf6 2. c4 c5 3. d5 b5 4. cxb5 a6 5. bxa6 g6 6. Nc3 Bg7 7. Nf3 O-O 8. g3
d6 9. Bg2 Nbd7 10. O-O Qa5 11. Rb1 Bxa6 12. Bd2 Bb7 13. Qc2 Qa7 14. e4 Ba6 15.
Rfd1 Ng4 16. Bg5 Nde5 17. h3 Nxf3+ 18. Bxf3 Ne5 19. Be2 f5 20. Kg2 Nf7 21. Bf4
Bc8 22. Bd3 Ne5 23. Bxe5 Bxe5 24. exf5 Bxf5 25. Bxf5 Rxf5 26. a3 Qb7 27. Qe4
Qb3 28. Ne2 Ra4 29. Qd3 Qb7 30. Qc2 Qa8 31. Kg1 Qa6 32. Qd3 Qa7 33. Qe3 Rc4 34.
b4 Rc2 35. b5 Qb6 36. f4 Bf6 37. g4 Rxe2 38. Qxe2 Rxf4 39. Rf1 c4+ 40. Kg2 Rd4
41. a4 c3 42. Qe6+ Kg7 43. g5 Bxg5 44. Qf7+ Kh6 45. Qf8+ Kh5 46. Qf3+ Kh6 47.
Qf8+ Kh5 48. Qf3+ Kh6 49. a5 Qxa5 50. Qf8+ Kh5 51. Qf3+ Kh6 52. b6 c2 53. Qf8+
Kh5 54. Qf3+ Kh6 55. Qf8+ 1/2-1/2

[Event "14. Sparkassen Open 2015 - Gruppe A"]
[Site "Forchheim"]
[Date "2015.10.02"]
[Round "1.8"]
[White "Promyshlyanskyy, Vitaliy"]
[Black "Bathray, Johannes"]
[Result "1-0"]
[WhiteElo "2236"]
[BlackElo "2154"]
[PlyCount "33"]
[EventDate "2015.??.??"]
[WhiteTeam "SC Noris-Tarrasch Nürnberg"]
[BlackTeam "SC Böblingen"]

1. e4 c5 2. Nc3 g6 3. f4 Bg7 4. Nf3 d6 5. Bc4 Nc6 6. O-O e6 7. f5 Nge7 8. fxe6
Bxe6 9. Bxe6 fxe6 10. Ng5 Qd7 11. Nb5 Nd8 12. a4 h6 13. Nh3 Nf7 14. Nf4 e5 15.
Ne6 Rc8 16. Nxg7+ Kf8 17. Qf3 1-0

[Event "14. Sparkassen Open 2015 - Gruppe A"]
[Site "Forchheim"]
[Date "2015.10.02"]
[Round "1.9"]
[White "Imcke, Patrick"]
[Black "Dorst, Johannes"]
[Result "0-1"]
[WhiteElo "2119"]
[BlackElo "2223"]
[PlyCount "86"]
[EventDate "2015.??.??"]
[WhiteTeam "SF Katernberg"]
[BlackTeam "SK Marburg"]

1. e4 e6 2. d4 d5 3. Nc3 Bb4 4. exd5 exd5 5. Bd3 Nc6 6. a3 Be7 7. Nce2 Bg4 8.
f3 Bh5 9. Nf4 Bg6 10. Nxg6 hxg6 11. Ne2 Bd6 12. g3 Qf6 13. f4 O-O-O 14. Be3 Re8
15. Qd2 Nh6 16. O-O-O Qe7 17. Bf2 Ng4 18. Nc3 Bxa3 19. Nxd5 Qd6 20. Bc4 Rh5 21.
bxa3 Rxd5 22. Bxd5 Qxd5 23. Rhe1 Rd8 24. Bg1 Na5 25. h3 Nc4 26. Qb4 Nf6 27. Rd3
Nd6 28. Qb3 Nc4 29. Rc3 b5 30. Bf2 Ne4 31. Bg1 Nxc3 32. Qxc3 Rd6 33. Qb4 Rc6
34. Re8+ Kb7 35. a4 a6 36. Qf8 Re6 37. axb5 axb5 38. Rb8+ Kc6 39. Qb4 Re2 40.
Kb1 Rg2 41. Qe1 Nd6 42. c4 Qxc4 43. d5+ Kd7 0-1

[Event "14. Sparkassen Open 2015 - Gruppe A"]
[Site "Forchheim"]
[Date "2015.10.02"]
[Round "1.10"]
[White "Mooser, Stefan"]
[Black "Martin Fernandez, Rodrigo"]
[Result "1-0"]
[WhiteElo "2148"]
[BlackElo "2137"]
[PlyCount "73"]
[EventDate "2015.??.??"]
[WhiteTeam "PSV Dorfen"]
[BlackTeam "SC Erlangen"]

1. e4 c5 2. Nf3 e6 3. d4 cxd4 4. Nxd4 a6 5. c4 Nf6 6. Nc3 Bb4 7. Bd3 Qc7 8. O-O
Nc6 9. Nxc6 bxc6 10. Qe2 e5 11. Be3 O-O 12. Na4 Be7 13. c5 Bb7 14. f3 Nh5 15.
g3 g6 16. Rad1 Ng7 17. Nb6 Ra7 18. Bc4 Bc8 19. Kh1 Ne6 20. Qf2 Kh8 21. b3 a5
22. f4 f5 23. exf5 Rxf5 24. Bxe6 dxe6 25. Qb2 Kg8 26. fxe5 Ba6 27. Rxf5 gxf5
28. Rd6 Bxd6 29. exd6 Qd8 30. Qd2 Rg7 31. Bd4 Rg4 32. d7 Kf7 33. Be5 Ke7 34.
Bd6+ Kf7 35. Bc7 Qf6 36. d8=Q Qa1+ 37. Qd1 1-0

[Event "14. Sparkassen Open 2015 - Gruppe A"]
[Site "Forchheim"]
[Date "2015.10.02"]
[Round "1.11"]
[White "Lenhardt, Manfred"]
[Black "Walter, Florian"]
[Result "1/2-1/2"]
[WhiteElo "2113"]
[BlackElo "2160"]
[PlyCount "78"]
[EventDate "2015.??.??"]
[WhiteTeam "SC Weisse Dame (Berlin)"]
[BlackTeam "SC Noris-Tarrasch Nürnberg"]

1. d4 d5 2. Nf3 Nf6 3. c4 c6 4. Qc2 g6 5. e3 Bf5 6. Bd3 Bxd3 7. Qxd3 Bg7 8. Nc3
O-O 9. O-O Nbd7 10. Bd2 Re8 11. cxd5 cxd5 12. Rfc1 Rc8 13. Rc2 Rc6 14. Rac1 Qb8
15. Na4 Rxc2 16. Qxc2 e6 17. Bb4 b5 18. Nc5 Rc8 19. Qd1 Nxc5 20. Bxc5 Ne4 21.
Bb4 a6 22. Rc2 Rc4 23. b3 Rxb4 24. Rc1 Bf8 25. a3 Rc4 26. bxc4 bxc4 27. Rb1 Qc7
28. Qc2 Qa5 29. a4 Bd6 30. g4 Nc3 31. Rc1 Bb4 32. Ne5 Qxa4 33. Qxa4 Nxa4 34.
Ra1 Nb2 35. Rxa6 f6 36. Ra8+ Kg7 37. Ra7+ Kg8 38. Ra8+ Kg7 39. Ra7+ Kg8 1/2-1/2

[Event "14. Sparkassen Open 2015 - Gruppe A"]
[Site "Forchheim"]
[Date "2015.10.02"]
[Round "1.12"]
[White "Heimrath, Reiner"]
[Black "Schwab, Matthias"]
[Result "1/2-1/2"]
[WhiteElo "2191"]
[BlackElo "2107"]
[PlyCount "57"]
[EventDate "2015.??.??"]
[WhiteTeam "SC Noris-Tarrasch Nürnberg"]
[BlackTeam "SC Böblingen"]

1. e4 e5 2. Nf3 Nc6 3. Bc4 Bc5 4. d3 d6 5. c3 Nf6 6. Bb3 O-O 7. Qe2 d5 8. Bg5
d4 9. Nbd2 dxc3 10. bxc3 Be7 11. Nc4 Nd7 12. Be3 b5 13. Ncd2 Nf6 14. O-O a5 15.
a4 b4 16. cxb4 axb4 17. Nc4 Bg4 18. Ncd2 Nh5 19. h3 Nf4 20. Bxf4 Bxf3 21. Nxf3
exf4 22. Bd5 Ra6 23. d4 Nb8 24. Bc4 Ra7 25. e5 Nd7 26. Qe4 Re8 27. Qxf4 Rf8 28.
Qe4 Kh8 29. Bb3 1/2-1/2

[Event "14. Sparkassen Open 2015 - Gruppe A"]
[Site "Forchheim"]
[Date "2015.10.02"]
[Round "1.13"]
[White "Kolthoff, Siegmund"]
[Black "Meulner, Klaus"]
[Result "1/2-1/2"]
[WhiteElo "2077"]
[BlackElo "2134"]
[PlyCount "38"]
[EventDate "2015.??.??"]
[WhiteTeam "Breloher SC"]
[BlackTeam "SW Nürnberg Süd"]

1. d4 d5 2. Nf3 Nf6 3. c4 c6 4. Nc3 dxc4 5. a4 Bf5 6. Ne5 Na6 7. e3 Nb4 8. Bxc4
e6 9. O-O Bd6 10. Qe2 Bxe5 11. dxe5 Nd7 12. e4 Bg6 13. f4 Qh4 14. Be3 Bh5 15.
Qf2 Qxf2+ 16. Rxf2 g5 17. g3 Rg8 18. Kf1 a5 19. Rd2 O-O-O 1/2-1/2

[Event "14. Sparkassen Open 2015 - Gruppe A"]
[Site "Forchheim"]
[Date "2015.10.02"]
[Round "1.14"]
[White "Koch, Markus"]
[Black "Fischer, Gerd"]
[Result "1-0"]
[WhiteElo "2170"]
[BlackElo "2096"]
[PlyCount "72"]
[EventDate "2015.??.??"]
[WhiteTeam "SC Brett vorm Kopp"]
[BlackTeam "FC Gunzenhausen"]

1. d4 Nf6 2. c4 e6 3. Nc3 d5 4. cxd5 exd5 5. Bg5 Be7 6. e3 Nbd7 7. Bd3 h6 8.
Bh4 c6 9. Nge2 O-O 10. O-O Ne4 11. Bxe7 Qxe7 12. Qc2 f5 13. Rae1 Ndf6 14. f3
Nd6 15. Ng3 Qd7 16. Na4 b6 17. Rc1 Qe6 18. Rfe1 Bd7 19. b3 Rae8 20. Qd2 Re7 21.
Nb2 Qf7 22. Bb1 Nh5 23. Nd3 Nxg3 24. hxg3 Qe8 25. a4 Rf6 26. Re2 Nf7 27. b4 Qb8
28. Nf4 g5 29. Nh5 Rg6 30. g4 Nd6 31. gxf5 Bxf5 32. Bxf5 Nxf5 33. Qd3 Qf8 34.
g4 Nh4 35. Rf1 Rge6 36. f4 Re4 {
Partieformular unleserlich. Sieg Weiß 49.-59. Zug.} 1-0

[Event "14. Sparkassen Open 2015 - Gruppe A"]
[Site "Forchheim"]
[Date "2015.10.02"]
[Round "1.15"]
[White "Steinhart, Christoph"]
[Black "Nuding, Matthias"]
[Result "1-0"]
[WhiteElo "2059"]
[BlackElo "2140"]
[PlyCount "65"]
[EventDate "2015.??.??"]
[WhiteTeam "TSV Schönaich"]
[BlackTeam "SC Noris-Tarrasch Nürnberg"]

1. e4 e6 2. d4 d5 3. Nd2 c5 4. exd5 Qxd5 5. Ngf3 cxd4 6. Bc4 Qd6 7. O-O Nf6 8.
Nb3 Nc6 9. Nbxd4 Nxd4 10. Qxd4 Qxd4 11. Nxd4 Bd7 12. Be2 Rc8 13. Bf3 Bc5 14.
Nb3 Bb6 15. Bd2 Bc6 16. Bxc6+ Rxc6 17. Rfc1 Ne4 18. Be1 O-O 19. a4 Rd8 20. a5
Bc7 21. f3 Nc5 22. Nxc5 Rxc5 23. a6 b6 24. c4 Be5 25. Rab1 Rc7 26. Bf2 Bd4 27.
b4 g6 28. c5 Bxf2+ 29. Kxf2 Rdc8 30. cxb6 axb6 31. Rxc7 Rxc7 32. Ra1 Ra7 33.
Ke3 1-0

[Event "14. Sparkassen Open 2015 - Gruppe A"]
[Site "Forchheim"]
[Date "2015.10.02"]
[Round "1.16"]
[White "Auburger, Philipp"]
[Black "Hock, Gerold"]
[Result "1/2-1/2"]
[WhiteElo "1962"]
[BlackElo "2100"]
[PlyCount "111"]
[EventDate "2015.??.??"]
[WhiteTeam "SC Forchheim"]
[BlackTeam "SC Großwelzheim"]

1. e4 d6 2. d4 g6 3. Nc3 Bg7 4. f4 a6 5. Nf3 b5 6. Bd3 c5 7. Be3 c4 8. Be2 Nf6
9. e5 Ng4 10. Qd2 d5 11. h3 Nxe3 12. Qxe3 h5 13. Ng5 Nc6 14. Bf3 e6 15. Kf2 Bh6
16. h4 Ne7 17. g4 hxg4 18. Bxg4 Nf5 19. Bxf5 gxf5 20. Ne2 Qe7 21. c3 Bb7 22.
Ng3 O-O-O 23. a3 Kb8 24. Rag1 Bc6 25. Nh5 Kb7 26. Nf6 a5 27. Kf3 Ra8 28. h5 b4
29. axb4 axb4 30. Ra1 Ba4 31. Qd2 bxc3 32. bxc3 Bb3 33. Qb2 Bg7 34. Rxa8 Rxa8
35. Ra1 Rh8 36. Ra5 Ra8 37. Rxa8 Kxa8 38. Qa1+ Kb7 39. Ngh7 Bc2 40. Qa5 Bd1+
41. Ke3 Bxh5 42. Qb5+ Ka7 43. Qa5+ Kb7 44. Nxh5 Qh4 45. Qb4+ Kc7 46. Qd6+ Kb7
47. Qd7+ Kb6 48. Qd6+ Kb7 49. Qb4+ Kc7 50. Kd2 Qxh5 51. Qe7+ Kb6 52. Qd8+ Kb5
53. Qb8+ Ka5 54. Qa7+ Kb5 55. Qb8+ Ka5 56. Qa7+ 1/2-1/2

[Event "14. Sparkassen Open 2015 - Gruppe A"]
[Site "Forchheim"]
[Date "2015.10.02"]
[Round "1.17"]
[White "Machlin, Maxim"]
[Black "Braun, Michael"]
[Result "0-1"]
[WhiteElo "2015"]
[BlackElo "2019"]
[PlyCount "84"]
[EventDate "2015.??.??"]
[WhiteTeam "Biebertaler SF"]
[BlackTeam "SG Büchenbach/Roth"]

1. e4 c5 2. Nf3 d6 3. d4 cxd4 4. Nxd4 Nf6 5. Nc3 a6 6. Rg1 e5 7. Nb3 Be6 8. g4
h6 9. h4 d5 10. g5 hxg5 11. hxg5 Nxe4 12. Nxe4 dxe4 13. Qxd8+ Kxd8 14. Bg2 Nc6
15. Be3 Kc7 16. O-O-O Bf5 17. Nd2 Nb4 18. Nc4 Re8 19. Bb6+ Kc6 20. Bd8 b6 21.
Bxb6 Nxa2+ 22. Kb1 Nb4 23. Bd8 Kb7 24. Ne3 Bg6 25. Rd7+ Kc8 26. Rgd1 Bd6 27.
R7xd6 Rxd8 28. Rb6 Rxd1+ 29. Nxd1 a5 30. Rb5 Nc6 31. Rc5 Kd7 32. Ne3 Kd6 33.
Rb5 Rh2 34. Kc1 f5 35. gxf6 gxf6 36. Bf1 Rxf2 37. Bh3 f5 38. Nc4+ Ke6 39. Rb6
Kd5 40. Nxa5 Nxa5 41. Rxg6 e3 42. Rg1 Nc6 0-1

[Event "14. Sparkassen Open 2015 - Gruppe A"]
[Site "Forchheim"]
[Date "2015.10.02"]
[Round "1.18"]
[White "De Silva, Joel Niels"]
[Black "Süß, Stefan"]
[Result "1/2-1/2"]
[WhiteElo "2069"]
[BlackElo "2004"]
[PlyCount "104"]
[EventDate "2015.??.??"]
[WhiteTeam "SV Hockenheim"]
[BlackTeam "SC Noris-Tarrasch Nürnberg"]

1. e4 d5 2. exd5 Qxd5 3. Nc3 Qd6 4. d4 Nf6 5. Nf3 a6 6. h3 b5 7. Bd3 Bb7 8. a3
e6 9. O-O Be7 10. Re1 Nbd7 11. Ne4 Qb6 12. c3 c5 13. Qe2 O-O 14. Nxf6+ Nxf6 15.
dxc5 Qxc5 16. Be3 Qc6 17. Rac1 Rfd8 18. Qf1 Qd5 19. Nd4 Qh5 20. Be2 Qg6 21. c4
bxc4 22. Rxc4 Bd6 23. Nf3 Nd5 24. Bg5 f6 25. Bd3 Qf7 26. Rh4 g6 27. Bc1 a5 28.
Nh2 h5 29. Qe2 Rac8 30. Nf3 Rxc1 31. Rxc1 Nf4 32. Rxf4 Bxf4 33. Rc4 Bb8 34. Rc3
Qd7 35. Rb3 Bd5 36. Rc3 Bxf3 37. Qxf3 Be5 38. Bc4 Qd1+ 39. Bf1 Bxc3 40. Qxc3
Qd4 41. Qxa5 Rc8 42. Qa6 Rc2 43. Qxe6+ Kg7 44. Qe7+ Kh6 45. Qe1 Rxb2 46. Qc1+
g5 47. Qe1 Ra2 48. a4 Rxa4 49. Qe8 Ra1 50. Qf8+ Kg6 51. Qg8+ Kh6 52. Qf8+ Kg6
1/2-1/2

[Event "14. Sparkassen Open 2015 - Gruppe A"]
[Site "Forchheim"]
[Date "2015.10.02"]
[Round "1.19"]
[White "Wichmann, Adrian"]
[Black "Kroneder, Christian"]
[Result "1/2-1/2"]
[WhiteElo "2009"]
[BlackElo "2045"]
[PlyCount "70"]
[EventDate "2015.??.??"]
[WhiteTeam "SC Forchheim"]
[BlackTeam "SK Schwanstetten"]

1. e4 c5 2. Nf3 d6 3. d4 cxd4 4. Nxd4 Nf6 5. Nc3 a6 6. Bc4 Nbd7 7. O-O Qc7 8.
Qe2 b5 9. Bb3 e6 10. a3 Nc5 11. Ba2 Bb7 12. f3 Be7 13. Be3 O-O 14. Rad1 Rfe8
15. Qf2 Rad8 16. Qg3 Qc8 17. Nde2 d5 18. e5 Nfd7 19. f4 f5 20. exf6 Nxf6 21.
Bd4 g6 22. Qh3 Nce4 23. Nxe4 Nxe4 24. Nc3 Nxc3 25. Bxc3 Bc5+ 26. Kh1 d4 27. Be1
Bd5 28. Bxd5 Rxd5 29. Bh4 Rh5 30. Qg3 Rf5 31. Qd3 Qc6 32. Rde1 e5 33. fxe5
Rfxe5 34. Rxe5 Rxe5 35. Qe2 Qd7 1/2-1/2

[Event "14. Sparkassen Open 2015 - Gruppe A"]
[Site "Forchheim"]
[Date "2015.10.02"]
[Round "1.20"]
[White "Ulusoy, Tolga"]
[Black "Gentner, Markus"]
[Result "0-1"]
[WhiteElo "2084"]
[BlackElo "2021"]
[PlyCount "48"]
[EventDate "2015.??.??"]
[WhiteTeam "SC Noris-Tarrasch Nürnberg"]
[BlackTeam "SC Murrhardt"]

1. e4 c6 2. d4 d5 3. e5 c5 4. dxc5 Nc6 5. Bb5 e6 6. Be3 Nge7 7. f4 Bd7 8. Bxc6
Bxc6 9. c3 d4 10. Qe2 dxe3 11. Nf3 Nd5 12. g3 Bxc5 13. O-O a5 14. Na3 Nxc3 15.
bxc3 Bxa3 16. Qxe3 Qd5 17. Kg2 Bc5 18. Qe2 Qe4 19. Qb2 Rd8 20. Rae1 Qd3 21. Re2
O-O 22. g4 Qc4 23. Kg3 Rd3 24. g5 Qd5 0-1

[Event "14. Sparkassen Open 2015 - Gruppe A"]
[Site "Forchheim"]
[Date "2015.10.02"]
[Round "1.21"]
[White "Kast, Joannis"]
[Black "Foermes, Alexander"]
[Result "1/2-1/2"]
[WhiteElo "2023"]
[BlackElo "2074"]
[PlyCount "30"]
[EventDate "2015.??.??"]
[WhiteTeam "SK Jöhlingen"]
[BlackTeam "SK Marburg"]

1. e4 e6 2. d4 d5 3. exd5 exd5 4. c4 Nf6 5. Nf3 Bb4+ 6. Nc3 O-O 7. Be2 dxc4 8.
O-O Bg4 9. a3 Be7 10. Bxc4 Nc6 11. d5 Bxf3 12. Qxf3 Ne5 13. Qe2 Nxc4 14. Qxc4
Ne8 15. Be3 Nd6 1/2-1/2

[Event "14. Sparkassen Open 2015 - Gruppe A"]
[Site "Forchheim"]
[Date "2015.10.02"]
[Round "1.22"]
[White "Schäfers, Andreas"]
[Black "Weigert, Wilhelm"]
[Result "1-0"]
[WhiteElo "2037"]
[BlackElo "2037"]
[PlyCount "67"]
[EventDate "2015.??.??"]
[WhiteTeam "SV Koblenz"]
[BlackTeam "Post Regensburg"]

1. d4 Nf6 2. c4 c5 3. d5 b5 4. cxb5 a6 5. b6 e6 6. Nc3 Nxd5 7. Nxd5 exd5 8.
Qxd5 Nc6 9. e4 Be7 10. Bc4 O-O 11. Ne2 Qxb6 12. O-O Nb4 13. Qd1 Qg6 14. f3 Bf6
15. Nf4 Bd4+ 16. Qxd4 cxd4 17. Nxg6 hxg6 18. Bf4 Re8 19. a3 Nc6 20. b4 Bb7 21.
Rfd1 Rac8 22. Rac1 g5 23. Bxg5 Ne5 24. Bf1 f6 25. Bf4 g5 26. Bg3 g4 27. Kf2
gxf3 28. gxf3 d5 29. Rxc8 Rxc8 30. Rxd4 Rc2+ 31. Be2 dxe4 32. fxe4 Bc6 33. Bxe5
fxe5 34. Rc4 1-0

[Event "14. Sparkassen Open 2015 - Gruppe A"]
[Site "Forchheim"]
[Date "2015.10.02"]
[Round "1.23"]
[White "Haasner, Tom"]
[Black "Solonar, Stefan"]
[Result "0-1"]
[WhiteElo "1942"]
[BlackElo "2346"]
[PlyCount "53"]
[EventDate "2015.??.??"]
[WhiteTeam "SV Bannewitz"]
[BlackTeam "SC Heusenstamm"]

1. d4 Nf6 2. c4 d6 3. Nc3 Nbd7 4. e4 e5 5. Nge2 c6 6. g3 a6 7. Bg2 b5 8. d5
cxd5 9. cxd5 Be7 10. O-O O-O 11. Bd2 Nb6 12. a4 b4 13. Na2 a5 14. b3 Nbd7 15.
Rc1 Nc5 16. Be3 Ba6 17. Bxc5 dxc5 18. Qc2 Rc8 19. Rfd1 c4 20. bxc4 Bxc4 21. Qb2
Qb6 22. Bh3 Rc7 23. Nec3 Bc5 24. Nb5 Bxb5 25. axb5 Nxe4 26. Kg2 Nxf2 27. d6 0-1

[Event "14. Sparkassen Open 2015 - Gruppe A"]
[Site "Forchheim"]
[Date "2015.10.03"]
[Round "2.1"]
[White "Seyb, Alexander"]
[Black "Mooser, Stefan"]
[Result "1/2-1/2"]
[WhiteElo "2428"]
[BlackElo "2148"]
[PlyCount "69"]
[EventDate "2015.??.??"]
[WhiteTeam "SC Forchheim"]
[BlackTeam "PSV Dorfen"]

1. e4 c5 2. Nf3 e6 3. d4 cxd4 4. Nxd4 Nc6 5. Nc3 Qc7 6. Be3 a6 7. Qd2 Nf6 8.
O-O-O Be7 9. f4 b5 10. e5 b4 11. exf6 bxc3 12. Qxc3 Bxf6 13. g4 h6 14. h4 Bb7
15. Rh2 Rc8 16. Kb1 Nxd4 17. Qxc7 Rxc7 18. Bxd4 Bf3 19. Rd3 Bxd4 20. Rxd4 a5
21. Be2 Bc6 22. Rh3 Ke7 23. Ra3 Ra8 24. Kc1 f6 25. g5 Rcc8 26. Kd2 hxg5 27.
hxg5 Rh8 28. Rg3 Rh2 29. gxf6+ gxf6 30. Ke3 Rb8 31. b3 f5 32. Rd2 Rb4 33. Bc4
Rxd2 34. Kxd2 Rb8 35. Bf1 1/2-1/2

[Event "14. Sparkassen Open 2015 - Gruppe A"]
[Site "Forchheim"]
[Date "2015.10.03"]
[Round "2.2"]
[White "Dorst, Johannes"]
[Black "Wenninger, Philipp"]
[Result "1/2-1/2"]
[WhiteElo "2223"]
[BlackElo "2249"]
[PlyCount "60"]
[EventDate "2015.??.??"]
[WhiteTeam "SK Marburg"]
[BlackTeam "SC Erlangen"]

1. e4 c6 2. Nc3 d5 3. Nf3 Bg4 4. h3 Bxf3 5. Qxf3 Nf6 6. d3 e6 7. a3 Nbd7 8. g3
g6 9. Bg2 Bg7 10. O-O Qc7 11. Rb1 O-O 12. b4 a5 13. Qe2 axb4 14. axb4 b5 15.
Bb2 Nb6 16. e5 Nfd7 17. f4 Rae8 18. Nd1 f6 19. exf6 Nxf6 20. Ne3 e5 21. f5 e4
22. fxg6 hxg6 23. Ng4 Nbd7 24. Nxf6+ Nxf6 25. Qe3 Qe5 26. Qxe4 Nxe4 27. Bxe4
Qxe4 28. Rxf8+ Kxf8 29. Re1 Kg8 30. dxe4 dxe4 1/2-1/2

[Event "14. Sparkassen Open 2015 - Gruppe A"]
[Site "Forchheim"]
[Date "2015.10.03"]
[Round "2.3"]
[White "Solonar, Stefan"]
[Black "Heimrath, Reiner"]
[Result "1-0"]
[WhiteElo "2346"]
[BlackElo "2191"]
[PlyCount "81"]
[EventDate "2015.??.??"]
[WhiteTeam "SC Heusenstamm"]
[BlackTeam "SC Noris-Tarrasch Nürnberg"]

1. c4 e5 2. Nc3 d6 3. Nf3 Nd7 4. d4 Ngf6 5. e4 h6 6. Be2 b6 7. O-O Bb7 8. Qc2
exd4 9. Nxd4 g6 10. Be3 Bg7 11. f3 O-O 12. Rad1 Re8 13. Qd2 Kh7 14. b4 a6 15.
Nb3 Qe7 16. Rfe1 Rad8 17. Bf1 Qf8 18. a4 Qh8 19. Rc1 c6 20. a5 d5 21. exd5 cxd5
22. cxd5 b5 23. d6 Re6 24. Nc5 Nxc5 25. bxc5 Nd7 26. Bf2 Rxe1 27. Qxe1 Re8 28.
Qd2 Ne5 29. Nd5 Nc6 30. Nc7 Rc8 31. Bd3 f5 32. f4 Re8 33. Nxe8 Qxe8 34. Be2 Nd8
35. Qe3 Qg8 36. Bg3 Nc6 37. d7 Qd8 38. Qe8 Qc7 39. Rd1 Bf6 40. d8=Q Nxd8 41.
Rd7+ 1-0

[Event "14. Sparkassen Open 2015 - Gruppe A"]
[Site "Forchheim"]
[Date "2015.10.03"]
[Round "2.4"]
[White "Seidens, Udo"]
[Black "Promyshlyanskyy, Vitaliy"]
[Result "1-0"]
[WhiteElo "2233"]
[BlackElo "2236"]
[PlyCount "111"]
[EventDate "2015.??.??"]
[WhiteTeam "SK Schweinfurt"]
[BlackTeam "SC Noris-Tarrasch Nürnberg"]

1. c4 Nf6 2. g3 g6 3. Bg2 Bg7 4. Nc3 d6 5. e3 O-O 6. Nge2 e5 7. O-O c6 8. d3
Be6 9. h3 d5 10. cxd5 Nxd5 11. Nxd5 Bxd5 12. e4 Be6 13. Kh2 Qd6 14. f4 Rd8 15.
fxe5 Qxd3 16. Qxd3 Rxd3 17. Nf4 Rd7 18. Nxe6 fxe6 19. Bf4 Na6 20. h4 Rd4 21.
Rad1 Rad8 22. Rxd4 Rxd4 23. Bh3 Nc7 24. Rf2 h6 25. Bg2 Rd3 26. Bf1 Rd4 27. Bg2
Rd7 28. Bh3 Bf8 29. Be3 Bg7 30. Bf4 Rd1 31. b3 b6 32. Rc2 c5 33. b4 Bf8 34.
bxc5 Bxc5 35. Bxh6 a5 36. Bg5 Kf7 37. Bg4 Rf1 38. h5 gxh5 39. Bxh5+ Kg7 40.
Bf6+ Kg8 41. a4 Rf2+ 42. Rxf2 Bxf2 43. Kg2 Bd4 44. Be2 Kf7 45. Kf3 Kg6 46. Kf4
b5 47. axb5 Na8 48. Bc4 Kf7 49. g4 Nb6 50. Ba2 Na4 51. Bd8 Nc3 52. Bc4 a4 53.
b6 a3 54. b7 Ba7 55. Ba5 Nb1 56. Ba2 1-0

[Event "14. Sparkassen Open 2015 - Gruppe A"]
[Site "Forchheim"]
[Date "2015.10.03"]
[Round "2.5"]
[White "Heidrich, Manfred"]
[Black "Eiber, Manfred"]
[Result "1-0"]
[WhiteElo "2348"]
[BlackElo "2154"]
[PlyCount "61"]
[EventDate "2015.??.??"]
[WhiteTeam "SC Forchheim"]
[BlackTeam "SW Nürnberg Süd"]

1. e4 g6 2. Nc3 Bg7 3. f4 d6 4. Nf3 e6 5. d4 Ne7 6. Bd3 Nd7 7. Be3 b6 8. Qd2 a6
9. O-O-O b5 10. Kb1 Nb6 11. g4 Rb8 12. f5 Nc4 13. Bxc4 bxc4 14. Bh6 Bxh6 15.
Qxh6 Kd7 16. fxe6+ fxe6 17. Ne5+ dxe5 18. dxe5+ Nd5 19. Nxd5 Kc6 20. Nb4+ Rxb4
21. Rxd8 Rxd8 22. Qe3 a5 23. Kc1 Ba6 24. Qc3 Kb7 25. Rf1 Rd7 26. Rf6 Rb6 27.
Qxa5 Bb5 28. a4 Ba6 29. Qc3 Ka7 30. Qf3 Rb4 31. Rf7 1-0